000 00302nam a22001337a 4500
008 181102b xxu||||| |||| 00| 0 eng d
020 _a003059383
041 _aeng
080 _a101
100 _a24
101 _aFIL
245 _aInvitation to Critical Thinking
_cBarry,V.E
942 _2udc
_cBK
999 _c51739
_d51739